000 00317nam a22001457a 4500
003 SGT
020 _a9788131733097
082 _a621.39,GOE
100 _aGOEL, ANITA
245 _aCOMPUTER FUNDAMENTALS
260 _aINDIA
_bPEARSON
_c2022
300 _a545
650 _aCOMPUTER ENGINEERING
942 _2ddc
_cBK
_042
999 _c24978
_d24978